书目信息 |
| 题名: |
西方经济学学习指导
|
|
| 作者: | 刘凤良 , 吴汉洪 编 | |
| 分册: | ||
| 出版信息: | 北京 高等教育出版社 2000.02 |
|
| 页数: | 407页 | |
| 开本: | 20cm | |
| 丛书名: | ||
| 单 册: | ||
| 中图分类: | F091.3 | |
| 科图分类: | ||
| 主题词: | 经济思想史 | |
| 电子资源: | ||
| ISBN: | 7-04-007825-2 | |
| 000 | 00648nam0 2200217 450 | |
| 001 | 0529120454 | |
| 005 | 20050329080712.61 | |
| 010 | @a7-04-007825-2@dCNY 20.30 | |
| 100 | @a20050329d2000 km y0chiy0120 ea | |
| 101 | 0 | @achi |
| 102 | @aCN@b110000 | |
| 200 | 1 | @a西方经济学学习指导@Axi fang jing ji xue xue xi zhi dao@f刘凤良,吴汉洪编@Fliu feng liang,wu han hong bian |
| 210 | @a北京@c高等教育出版社@d2000.02 | |
| 215 | @a407页@d20cm | |
| 300 | @a经济学学科 | |
| 606 | 0 | @a经济思想史 |
| 690 | @aF091.3@v3 | |
| 701 | 0 | @a刘凤良@Aliu feng liang@4编 |
| 701 | 0 | @a吴汉洪@Awu han hong@4编 |
| 801 | 0 | @aCN@bPFT@c20050329 |
| 905 | @a10447@dF091.3@eL610 | |
| 西方经济学学习指导/刘凤良,吴汉洪编.-北京:高等教育出版社,2000.02 |
| 407页;20cm |
| 经济学学科 |
| ISBN 7-04-007825-2:CNY 20.30 |
| ● |
| 相关链接 |
|
|
|
正题名:西方经济学学习指导
索取号:F091.3/L610
 
预约/预借
| 序号 | 登录号 | 条形码 | 馆藏地/架位号 | 状态 | 备注 |
| 1 | 439720 | 204397205 | 社科库409/409社科库 66排1列1层/ [索取号:F091.3/L610] | 在馆 | |
| 2 | 439721 | 204397214 | 社科库409/400B社科库 3排1列5层/ [索取号:F091.3/L610] | 在馆 | |
| 3 | 439722 | 204397223 | 社科库409/409社科库 66排1列1层/ [索取号:F091.3/L610] | 在馆 |